| 000 | 02042nam a22002537a 4500 | ||
|---|---|---|---|
| 003 | Uzh_bibl | ||
| 008 | 260417b |||||||| |||| 00| 0 ukr d | ||
| 020 |
_a5-325-00063-3 _c4.35 |
||
| 040 | _bукр. | ||
| 041 |
_2ukr _aukr |
||
| 080 | _a94(477) | ||
| 090 |
_a94(477) _bС 51 |
||
| 100 | _aСмолій,Валерій | ||
| 245 |
_aБогдан Хмельницький.Соціально-політичний портрет _cхудож.В.Домонтович _hТекст |
||
| 260 |
_aКиїв _bЛибідь _c1993 |
||
| 300 |
_a504 с. _fВ опр. |
||
| 520 | _aНа строго документальній базі автори простежують основні віхи життєвого шляху Богдана Хмельницького, показують обставини, які зумовили формування його світоглядних настанов, вплинули на політичний вибір. Богдан Хмельницький - гетьман, політичний діяч, полководець, дипломат, просто людина - всі ці його іпостасі знайшли висвітлення в книзі. Постать Б. Хмельницького змальована на широкому історичному тлі, де живуть і мислять десятки історичних осіб, доля яких так чи інакше переплітається з долею гетьмана. Для істориків, викладачів, студентів, усіх, хто цікавиться вітчизняною історією. | ||
| 521 | _aДля істориків, викладачів, студентів, усіх, хто цікавиться вітчизняною історією. | ||
| 546 | _aукр. | ||
| 650 |
_aНаукове видання _vІсторія України |
||
| 653 |
_aГетьман _aПолітичний діяч |
||
| 700 | _aСтепанков В.С. | ||
| 942 |
_2udc _cBK |
||
| 999 |
_c17371 _d17371 |
||